| 000 | 00350nam a22001337a 4500 | ||
|---|---|---|---|
| 003 | OSt | ||
| 008 | 250128b |||||||| |||| 00| 0 eng d | ||
| 041 | _aeng | ||
| 082 |
_a624.18341 _bPUR/RE |
||
| 100 |
_aPurushothaman _97017 |
||
| 245 | _aReinforced Concrete Structural Elements | ||
| 260 |
_bTata Mc Graw Hill Publishing Co Ltd, _c1984. |
||
| 942 | _cBK | ||
| 999 |
_c19169 _d19169 |
||